Love words : the self and the text in medieval and renaissance poetry /

Bibliographic Details
Main Author: Regan, Mariann Sanders, 1942-
Format: Book
Language:English
Published: Ithaca : Cornell University Press, 1982.
Subjects:

MARC

Tag First Indicator Second Indicator Subfields
LEADER 00000pam a2200000 a 4500
001 in00000077288
005 20151008060619.0
008 810916s1982 nyu b 00110 eng
010 |a  81015186  
020 |a 0801414156 
035 |a (OCoLC)07837572 
035 |9 AAJ6157AM 
040 |a DLC  |c DLC  |d TXA  |d UtOrBLW 
049 |a TXAM  |c [1196514] 
050 0 0 |a PN1076  |b .R4 1982 
082 0 |a 809.1/9354  |2 19 
100 1 |a Regan, Mariann Sanders,  |d 1942- 
245 1 0 |a Love words :  |b the self and the text in medieval and renaissance poetry /  |c Mariann Sanders Regan. 
264 1 |a Ithaca :  |b Cornell University Press,  |c 1982. 
300 |a 284 pages ;  |c 23 cm. 
336 |a text  |b txt  |2 rdacontent 
337 |a unmediated  |b n  |2 rdamedia 
338 |a volume  |b nc  |2 rdacarrier 
504 |a Includes bibliographical references and index. 
650 0 |a Love poetry  |x History and criticism. 
650 0 |a Literature  |x Philosophy. 
650 0 |a Self in literature. 
999 |a MARS 
999 f f |s b971fc4a-421b-3d05-aabb-ca8255fd288c  |i 202a0bda-8ead-30b9-bc73-22a87e01f3c2  |t 0 
952 f f |p ric  |a Texas A&M University  |b Rellis Campus  |c Joint Library Facility  |d Remote Storage  |t 0  |e PN1076 .R4 1982  |h Library of Congress classification  |i unmediated -- volume  |m A14806177446 
998 f f |a PN1076 .R4 1982  |t 0  |l Remote Storage